Информационные системы и технологии управления: учебник

Λεπτομέρειες βιβλιογραφικής εγγραφής
Άλλοι συγγραφείς: Титоренко Г. А. Галина Антоньевна (редактор)
Περίληψη:Рассматриваются общие вопросы информатизации управленческих процессов, использование информационных систем и технологий в управлении; раскрываются методические подходы к созданию и функционированию компьютерных систем и технологий, а также современные методы и средства защиты информации. Особое внимание уделяется формированию, обработке и представлению данных в среде интегрированных, корпоративных технологий решения профессиональных задач менеджерами, работающими в организациях различного типа и сложной структуры — на предприятиях, фирмах малого и крупного бизнеса, в органах государственного и муниципального управления. Опыт создания информационных систем и технологий менеджмента раскрыт на примерах фирменного, производственного, стратегического менеджмента, управления персоналом, менеджмента инновационными процессами, а также на примере деятельности органов государственного и муниципального управления. Для студентов бакалавриата, магистров, аспирантов и преподавателей экономических вузов и факультетов. Может также использоваться для повышения квалификации специалистов-менеджеров.
Γλώσσα:Ρωσικά
Έκδοση: Москва, ЮНИТИ-ДАНА, 2013
Έκδοση:3-е изд., перераб. и доп.
Θέματα:
Μορφή: Βιβλίο
KOHA link:https://koha.lib.tpu.ru/cgi-bin/koha/opac-detail.pl?biblionumber=234493

MARC

LEADER 00000nam0a2200000 4500
001 234493
005 20231101231327.0
010 |a 97852380117662 
035 |a (RuTPU)RU\TPU\book\255617 
035 |a RU\TPU\book\174170 
035 |a RU\TPU\book\204638 
035 |a RU\TPU\book\255617 
035 |a RU\TPU\book\255617 
090 |a 234493 
100 |a 20090526d2013 m y0rusy50 ca 
101 0 |a rus 
102 |a RU 
105 |a a j 001zy 
200 1 |a Информационные системы и технологии управления  |e учебник  |f под ред. Г. А. Титоренко 
205 |a 3-е изд., перераб. и доп. 
210 |a Москва  |c ЮНИТИ-ДАНА  |d 2013 
215 |a 591 с.  |c ил. 
320 |a Библиогр.: с. 572-578. 
320 |a Краткий словарь терминов и понятий: с. 579-586. 
330 |a Рассматриваются общие вопросы информатизации управленческих процессов, использование информационных систем и технологий в управлении; раскрываются методические подходы к созданию и функционированию компьютерных систем и технологий, а также современные методы и средства защиты информации. Особое внимание уделяется формированию, обработке и представлению данных в среде интегрированных, корпоративных технологий решения профессиональных задач менеджерами, работающими в организациях различного типа и сложной структуры — на предприятиях, фирмах малого и крупного бизнеса, в органах государственного и муниципального управления. Опыт создания информационных систем и технологий менеджмента раскрыт на примерах фирменного, производственного, стратегического менеджмента, управления персоналом, менеджмента инновационными процессами, а также на примере деятельности органов государственного и муниципального управления. Для студентов бакалавриата, магистров, аспирантов и преподавателей экономических вузов и факультетов. Может также использоваться для повышения квалификации специалистов-менеджеров. 
606 1 |a Информационные системы в экономике  |2 stltpush  |3 (RuTPU)RU\TPU\subj\36208  |9 57669 
610 1 |a информация 
610 1 |a экономика 
610 1 |a экономическая информация 
610 1 |a автоматизация 
610 1 |a АИС 
610 1 |a информационное обеспечение 
610 1 |a технологическое обеспечение 
610 1 |a информационная безопасность 
610 1 |a информатизация 
610 1 |a учетная деятельность 
610 1 |a финансовая деятельность 
610 1 |a бухгалтерский учет 
610 1 |a аудит 
610 1 |a банковские системы 
610 1 |a налоговые службы 
610 1 |a бюджетный процесс 
610 1 |a учебники 
610 1 |a управление 
610 1 |a автоматизированные системы управления 
610 1 |a АСУ 
610 1 |a системы управления 
610 1 |a информационно-управляющие системы 
686 |a У9(2)39я73  |v LBC/SL-A  |2 rubbk 
702 1 |a Титоренко  |b Г. А.  |g Галина Антоньевна  |4 340 
801 1 |a RU  |b 63413507  |c 20130326 
801 2 |a RU  |b 63413507  |c 20150601  |g RCR 
900 |a Информационные системы и технологии 
900 |a Информационные технологии управления 
900 |a Информационные технологии в бухгалтерском учете 
942 |c BK 
951 |b 080300 
959 |a 35/20130213  |d 2  |e 450,00  |f ЧЗТЛ:1  |f АНЛ:1